All Know Hominid Genuses - Statistics

General Stats
  • This quiz has been taken 9 times
  • The average score is 6 of 32
Answer Stats
Answer % Correct
Homo
100%
Australopithecus
60%
Gorilla
60%
Pan
60%
Pongo
60%
Ardipithecus
40%
Gigantopithecus
40%
Paranthropus
40%
Dryopithecus
20%
Indopithecus
20%
Kenyanthropus
20%
Kenyapithecus
20%
Orrorin
20%
Sahelanthropus
20%
Sivapithecus
20%
Ankarapithecus
0%
Anoiapithecus
0%
Chororapithecus
0%
Danuvius
0%
Graecopithecus
0%
Griphopithecus
0%
Hispanopithecus
0%
Khoratpithecus
0%
Lufengpithecus
0%
Meganthropus
0%
Nakalipithecus
0%
Oreopithecus
0%
Otavipithecus
0%
Ouranopithecus
0%
Pierolapithecus
0%
Rudapithecus
0%
Samburupithecus
0%
No matching quizzes found
Score Distribution
Percent of People with Each Score
Percentile by Number Answered
Your Score History
You have not taken this quiz